Statistics for Countries, US States, Capitals, Elements, 100 Most Common Words: remove 2 letters and add 1

Click here to take the quiz!

General Stats

  • This quiz has been taken 28 times
  • The average score is 6 of 23

Answer Stats

FROM… …TO % Correct
CaliforniumCalifornia
81%
maceDoniaDominica
62%
FleroviumFluorine
48%
roentgeniuMMontenegro
48%
maCedoniaCambodia
38%
saint LuciaLithuania
38%
saint LuciaLouisiana
33%
teLluriumLutetium
33%
Saint luciaSaint Paul
29%
brAtislavaAustralia
29%
liThuaniaThailand
24%
lanThanumTantalum
24%
saint Paul, PlutoniumPlatinum
19%
PlutoniumPolonium
19%
islaMabadMalaysia
19%
argeNtinaNitrogen
19%
saint PaulPakistan
14%
molybdeNumNeodymium
14%
Carson cityCosta Rica
14%
washingtonKingstown
10%
germanium, magneSiumSuriname
10%
minnesotAAntimony
10%
naShvilleSlovenia
5%

Score Distribution

Percentile by Number Answered

Percent of People with Each Score

Your Score History

You have not taken this quiz